| 000 | 01800cam a22002054a 4500 | ||
|---|---|---|---|
| 005 | 20250605164039.0 | ||
| 008 | 250528s ||||||||||||||||||||||||d | ||
| 035 | _a16923 | ||
| 040 |
_aGR-AtMCL _bgre _dGR-AtMCL _eAACR2 |
||
| 245 | 1 | _aΚοινωνία Εξουσία και Μέσα Μαζικής Επικοινωνίας / Θεωρία και Πράξη | |
| 250 | _a2η | ||
| 260 |
_bΠαπαζήση, _c1989 |
||
| 300 | _a404 | ||
| 520 | _aΠρόλογος, Θεωρητικό Πλαίσιο, Θεωρητικές Προσεγγίσεις στα Μέσα Μαζικής Επικοινωνίας, Θεωρίες για τα Μέσα και Θεωρίες για την Κοινωνία, Η Επανανακάλυψη της ''Ιδεολογίας'': Η Επάνοδος του Απωθημένου στις Μελέτες για τα Μέσα, Συνεισφορά σε μια Πολιτική Οικονομία των Μέσων Μαζικής Επικοινωνίας, Τεχνολογία και Μέσα Μαζικής Επικοινωνίας, Οι Επιδράσεις και οι Χρήσεις της Τεχνολογίας, Τα Νέα Μέσα, Δύο Κριτκές Μελέτες για την Πολιτική Επικοινωνία, Η Ασυνόμευση της Κρίσης - Η Εξισορρόπηση των Εκδοχών: Η Εκμετάλλευση του Χάντσγουορθ, Από την Κριτική του Διαλόγου στην Κρίση, Τηλεόραση και Κατανάλωση και Εμπορευματική Χρήση, Βιβλιογραφία, Ευρετήριο Συγγραφέων. | ||
| 700 | 1 | _aΚομνηνού Μαρία | |
| 700 | 1 |
_aΛυριντζής Χρήστος _93014 |
|
| 942 | _cBK | ||
| 999 |
_c2368 _d2368 |
||